Spices: what are they and how can i use them?.
| Format: | Book |
|---|---|
| Published: |
[S.l]:
[s.n],
2012.
|
| Subjects: |
| LEADER | 00436cam a2200145 7i4500 | ||
|---|---|---|---|
| 001 | 0000027665 | ||
| 005 | 20120709090000.0 | ||
| 020 | 0 | 0 | |a 9781241708795 |
| 090 | 0 | 0 | |a P 641.6383 |b SPI |
| 245 | 0 | 0 | |a Spices: what are they and how can i use them?. |
| 260 | 0 | 0 | |a [S.l]: |b [s.n], |c 2012. |
| 300 | # | # | |a 144 p. |
| 650 | 0 | 0 | |a Spices |
| 999 | |a B000033025 |b Book |c Products |e Business Information Centre | ||
| 999 | |a B000030255 |b Book |c Products |e Business Information Centre | ||


